000 00554nam a22001817a 4500
005 20240226124222.0
010 _aENG-139448
020 _a9789386797087
_c699.00
035 _aEN-122980
037 _bDBAD/PUB
082 _a305.40954
100 _aDubey, Priyanka
_962509
245 _aNo Nation for Women/
_cby Priyanka Dubey
260 _aNew Delhi
_bSimon & Schuster
_c2018
270 _a818, Indraprakash Building, 21, Barakhamba Road,
_bNew Delhi
_e110001
300 _axv, 242p.
_c21cm(HB)
942 _2ddc
_cEN
_mDUB
_h305.40954
999 _c201045
_d201045